ARRUPE JESUIT UNIVERSITY

CORONAVIRUS -STOP THE SPREAD - CLEAN,DISINFECT,COVER

Beyond the edge of certainty; (Record no. 118398)

MARC details
000 -LEADER
fixed length control field 01007mam a2200277 4500
001 - CONTROL NUMBER
control field 1826860
003 - CONTROL NUMBER IDENTIFIER
control field ARRUPE
005 - DATE AND TIME OF LATEST TRANSACTION
control field 20131023121119.0
008 - FIXED-LENGTH DATA ELEMENTS--GENERAL INFORMATION
fixed length control field 850424s1965 njua 000 0 eng c
010 ## - LIBRARY OF CONGRESS CONTROL NUMBER
LC control number 65010037 //r85
035 ## - SYSTEM CONTROL NUMBER
System control number (OCoLC)ocm00538580
035 ## - SYSTEM CONTROL NUMBER
System control number (NNC)1826860
040 ## - CATALOGING SOURCE
Original cataloging agency DLC/ICU
Transcribing agency CGU
050 0# - LIBRARY OF CONGRESS CALL NUMBER
Classification number QC71
Item number .C63
300 ## - PHYSICAL DESCRIPTION
Other physical details illus.
Dimensions 24 cm.
100 1# - MAIN ENTRY--PERSONAL NAME
Personal name Colodny, Robert Garland,
Relator term editor.
9 (RLIN) 2735
245 10 - TITLE STATEMENT
Title Beyond the edge of certainty;
Remainder of title essays in contemporary science and philosophy
Statement of responsibility, etc [by] Norwood Russell Hanson [and others] Editor: Robert G. Colodny.
260 ## - PUBLICATION, DISTRIBUTION, ETC. (IMPRINT)
Place of publication, distribution, etc Englewood Cliffs, N.J.,
Name of publisher, distributor, etc Prentice-Hall
Date of publication, distribution, etc [1965]
300 ## - PHYSICAL DESCRIPTION
Extent vii, 287 p.
490 1# - SERIES STATEMENT
Series statement University of Pittsburgh series in the philosophy of science ;
Volume number/sequential designation v. 2
650 #0 - SUBJECT ADDED ENTRY--TOPICAL TERM
Topical term or geographic name as entry element Physics.
9 (RLIN) 2736
650 #0 - SUBJECT ADDED ENTRY--TOPICAL TERM
Topical term or geographic name as entry element Physics
General subdivision Philosophy.
9 (RLIN) 2737
700 1# - ADDED ENTRY--PERSONAL NAME
Personal name Hanson, Norwood Russell.
9 (RLIN) 2738
830 #0 - SERIES ADDED ENTRY--UNIFORM TITLE
Uniform title University of Pittsburgh series in the philosophy of science ;
Volume number/sequential designation v. 2.
9 (RLIN) 2739
942 ## - ADDED ENTRY ELEMENTS (KOHA)
Source of classification or shelving scheme Library of Congress Classification
Koha item type Monograph ( Printed materials)
Holdings
Withdrawn status Lost status Source of classification or shelving scheme Damaged status Not for loan Collection code Home library Current library Shelving location Date acquired Total Checkouts Full call number Barcode Date last seen Price effective from Koha item type
    Library of Congress Classification     Main Collection ARRUPE LIBRARY ARRUPE LIBRARY Main Collection 23/10/2013   QC71 .C63 46411022 02/07/2019 23/10/2013 Monograph ( Printed materials)

 

Arrupe Library. PO Box MP320 Mt Pleasant, Harare, Zimbabwe
263 242 745411|librarian@aju.ac.zw